| 000 | 01212nam a2200265Ia 4500 | ||
|---|---|---|---|
| 999 |
_c38674 _d38674 |
||
| 001 | 4913 | ||
| 003 | GE_BSU | ||
| 005 | 20190814115923.0 | ||
| 008 | 181216s2008||||ge |||||||||||||| ||geo|| | ||
| 020 | _a9992819 | ||
| 040 | _cGE_BSU | ||
| 041 | _ageo | ||
| 080 | _a726.5(479.22) + 726.6(479.22) + 726.7(479.22) + 725.182(479.22) შ-93 | ||
| 100 |
_aშუბითიძე-მაჭარაშვილი, ვაჟა _93572 |
||
| 245 |
_aქართული ციხე სიმაგრეები და ეკლესია მონასტრები = Georgian fortresses, Churches and Monasteries / _cვაჟა შუბითიძე-მაჭარაშვილი ; რედ. ზვიად კვიციანი. |
||
| 260 | _aთბილისი | ||
| 260 | _bინოვაცია | ||
| 260 | _c2008 | ||
| 300 |
_a118 გვ. : _bილ. ; _c28 სმ. |
||
| 541 | _h24ლ. | ||
| 653 | _aქართული ციხე-სიმაგრეები | ||
| 653 | _aქართული ეკლესია-მონასტრები | ||
| 700 |
_aკვიციანი, ზვიად _eრედაქტორი _93573 |
||
| 942 |
_cBK _2udc |
||